Operating System Concepts (Record no. 8504)

MARC details
000 -LEADER
fixed length control field 00340nam a22001337a 4500
008 - FIXED-LENGTH DATA ELEMENTS--GENERAL INFORMATION
fixed length control field 200220b ||||| |||| 00| 0 eng d
020 ## - INTERNATIONAL STANDARD BOOK NUMBER
International Standard Book Number 9789380016658
082 ## -
Classification number 005.43 WAD
100 ## - MAIN ENTRY--PERSONAL NAME
Personal name WALIA, Ekta
245 ## - TITLE STATEMENT
Title Operating System Concepts
250 ## - EDITION STATEMENT
Edition statement 2nd
Remainder of edition statement 2019
260 ## - PUBLICATION, DISTRIBUTION, ETC. (IMPRINT)
Place of publication, distribution, etc New Delhi
Name of publisher, distributor, etc Khanna Book Publishing Co. (P) Ltd.
Holdings
Withdrawn status Lost status Source of classification or shelving scheme Damaged status Koha normalized classification for sorting Not for loan Koha collection Location (home branch) Sublocation or collection (holding branch) Date acquired Source of acquisition Currency Cost, normal purchase price Bill Number Koha issues (times borrowed) Koha full call number Piece designation (barcode) Koha date last seen Koha date last borrowed Copy number Actual Cost, discounted price Bill Date Koha item type
    Dewey Decimal Classification   005_430000000000000_WAD   B.Tech(CSE) PIET C-LIBRARY PIET C-LIBRARY 20/02/2020 KIRTI PRAKASHAN NEW DELHI IN Rupees 330.00 IN6150 15 005.43 WAD 31687 04/06/2026 21/05/2026 1 240.00 23/01/2020 Text Books

Design & Developed by: PIET Central Library
R70 Miles Stone Pattikalyana Samalkha Panipat 132102
mail ID :- [email protected], Phone No:- 0180-2569700 Ex.216